Εισαγωγή στη UML : συνοπτικός οδηγός της πρότυπης γλώσσας μοντελοποίησης αντικειμένων
Αποθηκεύτηκε σε:
| Κύριος συγγραφέας: | |
|---|---|
| Άλλοι συγγραφείς: | , |
| Μορφή: | Βιβλίο |
| Γλώσσα: | Greek English |
| Δημοσίευση: |
Αθήνα :
Κλειδάριθμος,
2001.
|
| Έκδοση: | 2η αμερικανική έκδ. |
| Θέματα: | |
| Ετικέτες: |
Προσθήκη ετικέτας
Δεν υπάρχουν, Καταχωρήστε ετικέτα πρώτοι!
|
MARC
| LEADER | 00000cam a2200000 i 4500 | ||
|---|---|---|---|
| 001 | 1/59292 | ||
| 008 | 020306s2001 gr | ||| |||| ||gre|| | ||
| 020 | |a 9602094818 | ||
| 035 | |l 10000477 | ||
| 040 | |a GR-MyUA |b gre |e AACR2 | ||
| 041 | 1 | |a gre |h eng | |
| 082 | 0 | |a 005.12 | |
| 100 | 1 | |a Fowler, Martin, |d 1963- | |
| 245 | 1 | 0 | |a Εισαγωγή στη UML : |b συνοπτικός οδηγός της πρότυπης γλώσσας μοντελοποίησης αντικειμένων / |c Martin Fowler, Kendall Scott ; μετάφραση Γιώργος Κακαρόντζας. |
| 250 | |a 2η αμερικανική έκδ. | ||
| 260 | |a Αθήνα : |b Κλειδάριθμος, |c 2001. | ||
| 300 | |a xx, 185 σ. : |b εικ. ; |c 24 εκ. | ||
| 504 | |a Περιέχει βιβλιογραφικές αναφορές και ευρετήριο. | ||
| 650 | 0 | 0 | |a Object-oriented methods (Computer science) |
| 650 | 0 | 0 | |a Computer software |x Development. |
| 650 | 0 | 0 | |a UML (Computer science) |
| 700 | 1 | |a Scott, Kendall, |d 1960- | |
| 700 | 1 | |a Κακαρόντζας, Γιώργος, |e trl | |
| 765 | 0 | 8 | |i Μετάφραση του: |t UML distilled : |
| 852 | |a INST |b LESVOS |e 20070730 |h 005.12 FOW |p 005100041310 |q 005100041310 |t BK |y 0 | ||
| 852 | |a INST |b SAMOS |e 20020306 |h 005.12 FOW |p 005300020289 |q 005300020289 |t BK |y 23 | ||
| 852 | |a INST |b SAMOS |e 20020306 |h 005.12 FOW |p 005300020298 |q 005300020298 |t BK |y 0 | ||
| 852 | |a INST |b SAMOS |e 20020306 |h 005.12 FOW |p 005300020299 |q 005300020299 |t BK |y 0 | ||
| 852 | |a INST |b SAMOS |e 20020306 |h 005.12 FOW |p 005300020300 |q 005300020300 |t BK |y 0 | ||
| 852 | |a INST |b SAMOS |e 20020306 |h 005.12 FOW |p 005300020301 |q 005300020301 |t BK |y 0 | ||
| 852 | |a INST |b SAMOS |e 20030624 |h 005.12 FOW |p 005300024060 |q 005300024060 |t BK |y 0 | ||
| 852 | |a INST |b SAMOS |e 20030624 |h 005.12 FOW |p 005300024061 |q 005300024061 |t BK |y 0 | ||
| 852 | |a INST |b SAMOS |e 20030624 |h 005.12 FOW |p 005300024062 |q 005300024062 |t BK |y 0 | ||
| 901 | |a BIBL3-2002-1 | ||
| 901 | |a BIBL1-2007-2 | ||
| 909 | |a Σ |b 087903 | ||
| 909 | |a Σ |b 087904 | ||
| 909 | |a Σ |b 087905 | ||
| 909 | |a Σ |b 087299 | ||
| 909 | |a Σ |b 087302 | ||
| 909 | |a Σ |b 087301 | ||
| 909 | |a Σ |b 087300 | ||
| 909 | |a Σ |b 087317 | ||
| 909 | |a Λ |b 136598 | ||
| 922 | |a 1ΕΛΗ |b 200707 |c ΕΠΕΑΕΚ2/ΠΤΕ |d Σ. ΠΑΤΑΚΗΣ | ||
| 970 | |a ΜΑΛΑΓΑΡΗ |b ΦΩΤΕΙΝΗ |z 2002/03/06 | ||